LDR 00992naa#a2200169#i#450# 001 RU\\bibl\20145 005 20260629075729.1 100 ## _a20260625b2026####ek#y0rusy0150####ca 102 ## _aRU 200 1# _aИнтеграция модели тестирования, учитывающей пространственные способности студентов инженерно-технических вузов _eСтатья/тезисы конференции 210 1# _aСанкт-Петербург _cФГБОУ ВО "Петербургский государственный университет путей сообщения Императора Александра I" _d2026 215 ## _a4 с. 608 ## _aСтатья/тезисы конференции _2local 675 ## _aМетоды преобразования чертежа. 514.182.2 _z 700 #1 _aСафонова _gТатьяна Юрьевна 700 #1 _aМарченко _gГерман Игоревич 856 4# _aatjournal.ru _u